书目信息 |
| 题名: |
教学评价
|
|
| 作者: | 柯孔标 著 | |
| 分册: | ||
| 出版信息: | 北京 知识出版社 1999 |
|
| 页数: | 140页 | |
| 开本: | 20cm | |
| 丛书名: | 素质教育与教师素养文丛 | |
| 单 册: | ||
| 中图分类: | G449.7 | |
| 科图分类: | ||
| 主题词: | 教育评估 | |
| 电子资源: | ||
| ISBN: | 7-5015-2121-2 | |
| 000 | 00615oam2 2200229 450 | |
| 001 | 1549031061 | |
| 005 | 20150205133731.43 | |
| 010 | @a7-5015-2121-2@dCNY8.30 | |
| 100 | @a20000424d1999 em y0chiy0110 ea | |
| 101 | 0 | @achi |
| 102 | @aCN@b110000 | |
| 105 | @ay z 000yy | |
| 200 | 1 | @a教学评价@9jiao xue ping jia@f柯孔标著 |
| 210 | @a北京@c知识出版社@d1999 | |
| 215 | @a140页@d20cm | |
| 225 | 2 | @a素质教育与教师素养文丛 |
| 461 | 0 | @12001 @a素质教育与教师素养文丛 |
| 606 | 0 | @a教育评估 |
| 690 | @aG449.7@v5 | |
| 701 | 0 | @a柯孔标@9ke kong biao@4著 |
| 801 | 0 | @aCN@bTSSF@c20150205 |
| 905 | @aZUCC@dG449.7@eJY3 | |
| 教学评价/柯孔标著.-北京:知识出版社,1999 |
| 140页;20cm.-(素质教育与教师素养文丛) |
| ISBN 7-5015-2121-2:CNY8.30 |
| ● |
| 相关链接 |
|
|
|
|
正题名:教学评价
索取号:G449.7/JY3
 
预约/预借
| 序号 | 登录号 | 条形码 | 馆藏地/架位号 | 状态 | 备注 |
| 1 | 7865811 | 278658114 | 学院路分馆/ [索取号:G449.7/JY3] | 在馆 |